| 000 | 00865cab a2200241 a 4500 | ||
|---|---|---|---|
| 008 | 041021s1995 mx 000 0 spa u | ||
| 020 | _a9688592099 | ||
| 035 | _aa440777 | ||
| 050 | 0 | 0 |
_aHM271 _bC47 1995 |
| 100 | 1 | _aCerteau, Michel de | |
| 245 | 1 | 3 |
_aLa Toma de la palabra y otros escritos políticos / _cMichel de Certeau ; edición establecida y presentada por Luce Giard ; tr. de Alejandro Pescador. |
| 250 | _a1a ed. | ||
| 260 |
_aMéxico : _bUniversidad Iberoamericana, Departamento de Historia : _bITESO, _c1995. |
||
| 300 |
_a235 p. ; _c22 cm. |
||
| 440 | 0 |
_aHistoria y Grafía ; _v2 |
|
| 500 | _aTraducción de: La prise de parole et autres écrits politiques | ||
| 650 | 4 | _aLibertad de expresión | |
| 650 | 4 | _aAutoridad | |
| 650 | 4 | _aValores sociales | |
| 700 | 1 | _aGiard, Luce, ed. | |
| 700 | 1 | _aPescador, Alejandro, tr. | |
| 942 |
_2lcc _cLIB |
||
| 999 |
_c67594 _d67594 |
||